000 00713nam a2200241Ia 4500
005 20260430150305.0
008 008 250103s9999 xx 000 0 eng d
037 _aTheses
040 _aCRL
040 _beng
040 _ceng
041 _2eng
041 _aeng
084 _qCRL
100 _aMondal Haroshit Kumar Au.; Bhatt R.K. Gu.
_91237051
245 0 _aUse of E-Resources by Post Graduate Students, Research Scholars and Faculty Members in Select Universities in Dhaka (Bangladesh) : A Study
260 _c2023
300 _a398
650 _aArts
700 _aUniversity of Delhi. Faculty of Arts. Deptt.of Library and Information Science
942 _cTH
999 _c1849432
_d1849432